Science Quiz

Random Science or Elements Quiz
Score 0/20 Timer 03:00
0 Plays Today
symbol name % Correct
LiLithium
99%
Nasodium
96.9%
Kpotassium
95.8%
Cacalcium
92.7%
Mgmagnesium
91.7%
Frfrancium
85.4%
Uuranium
82.3%
Rbrubidium
80.2%
Beberyllium
78.1%
Babarium
77.1%
symbol name % Correct
Srstrontium
69.8%
Raradium
60.4%
Acactinium
45.8%
Ththorium
44.8%
Npneptunium
42.7%
Cecerium
39.6%
Lalanthanum
38.5%
Cscaesium
37.5%
Ndneodymium
26%
Paprotactinium
19.8%
Remove Ads.
Support Sporcle.
Get the best of Sporcle when you Go Orange. This ad-free experience offers more features, more stats, and more fun while also helping to support Sporcle. Thank you for becoming a member.

You're not logged in!

Compare scores with friends on all Sporcle quizzes.
OR
Log In

Show Comments

Extras

Top Quizzes Today


Score Distribution

Your Account Isn't Verified!

In order to create a playlist on Sporcle, you need to verify the email address you used during registration. Go to your Sporcle Settings to finish the process.

Report this User

Report this user for behavior that violates our Community Guidelines.

Details: